Eutanasia : bases epistemológicas y jurídicas para su aprehensión /

Guardado en:
Autor Principal: Pazos Crocitto, José Ignacio
Formato: Desconocido
Idioma:Spanish
Publicado: Buenos Aires : Induvio, 2010.
Edición:1a. ed.
Materias:
Etiquetas: Agregar Etiqueta
Sin Etiquetas, Sea el primero en etiquetar este registro!
LEADER 00517nac a22001575a 4500
001 DER.der010755
008 180615s2010####ag#||||||||||||||#||spa||
005 20250701154538.0
245 1 0 |a Eutanasia :  |b bases epistemológicas y jurídicas para su aprehensión /  |c José Ignacio Pazos Crocitto. 
250 |a 1a. ed. 
260 |a Buenos Aires :  |b Induvio,  |c 2010. 
300 |a 115 p. 
020 |a 9789871519101 
100 1 |a Pazos Crocitto, José Ignacio 
650 7 |a DERECHO PENAL 
859 |a DERECHO  |b BIB. DERECHO  |h 344.041 97  |i PAZ  |p 006479